El Suelo y los fertilizantes

Bibliographic Details
Main Author: Fuentes Yagüe, José Luis
Format: Section = Libro
Language:Undetermined
Spanish
Published: España Ediciones Mundi Prensa 1989
Edition:3a.ed.
Subjects:
LEADER 00535nam a2200205Ia 4500
008 240829s9999 xx 000 0 und d
020 |a 84-7114-270-8 
040 |a BIBLIOTECA-RUPAP 631.4 F954 
041 |a spa 
082 |a 631.4 F954 
100 1 |a Fuentes Yagüe, José Luis 
245 1 0 |a El Suelo y los fertilizantes 
250 |a 3a.ed. 
260 |a España  |b Ediciones Mundi Prensa  |c 1989 
300 |a 284 p. :il. 
650 7 |a SUELOS 
650 7 |b  FERTILIDAD DEL SUELO. I. Tít. 
942 |c BK  |2 ddc 
991 |a TEXTO 
999 |c 9862